MARC

LEADER 00000nam0a2200000 4500
001 75305
005 20231031090548.0
035 |a (RuTPU)RU\TPU\book\80287 
090 |a 75305 
100 |a 20050322d1979 km y0rusy50 ca 
101 0 |a rus 
102 |a RU 
105 |a a g 001zy 
200 1 |a Поверхностно-активные вещества  |e справочник  |f Под ред. А. А. Абрамзона, Г. М. Гаевого 
210 |a Ленинград  |c Химия  |d 1979 
215 |a 376 с.  |c ил. 
320 |a Библиогр.: с. 351-352. 
320 |a Библиография в конце глав. 
320 |a Алфавитный указатель: с. 353-376. 
610 1 |a химическая технология 
610 1 |a ПАВ 
610 1 |a поверхностно-активные вещества 
610 1 |a коллоидные свойства 
610 1 |a применение 
610 1 |a справочники 
675 |a 661.185.1(035)  |v 3 
702 1 |a Абрамзон  |b А. А.  |g Ариэль Абрамович  |4 340 
702 1 |a Гаевой  |b Г. М.  |4 340 
801 1 |a RU  |b 63413507  |c 20050322  |g PSBO 
801 2 |a RU  |b 63413507  |c 20121206  |g PSBO 
942 |c BK